Interest groups and lobbying
Kaydedildi:
| Yazar: | |
|---|---|
| Materyal Türü: | Kitap |
| Dil: | İngilizce |
| Baskı/Yayın Bilgisi: |
Nueva York
MacMillan
1966
|
| Seri Bilgileri: | Government in the Modern World
|
| Konular: | |
| Etiketler: |
Etiketle
Etiket eklenmemiş, İlk siz ekleyin!
|
MARC
| LEADER | 00000nam a2200000 a 4500 | ||
|---|---|---|---|
| 001 | UCT8589 | ||
| 003 | CL-VaPUC | ||
| 008 | 970326e19660000US |||||||||||||||||eng|d | ||
| 082 | 0 | 4 | |a 324.4 |b HOL |2 21 |
| 100 | 0 | |a Holtzman, Abraham |e author |9 380392 | |
| 245 | 1 | 0 | |a Interest groups and lobbying |
| 300 | |a 154 p | ||
| 942 | |c BK | ||
| 945 | |d 19970326 00:00:00 |a paguirre | ||
| 260 | |a Nueva York |b MacMillan |c 1966 | ||
| 650 | 7 | |a GRUPOS DE INTERESES |2 CL-VaPUC |9 375711 | |
| 650 | 7 | |a SISTEMAS POLITICOS |2 CL-VaPUC |9 380393 | |
| 650 | 7 | |a GRUPOS DOMINANTES |2 CL-VaPUC |9 377075 | |
| 650 | 0 | |a Democracia |9 255256 | |
| 650 | 0 | |a Parlamento |9 338611 | |
| 650 | 0 | |a Poder ejecutivo |9 255177 | |
| 583 | |a last modification |c 19970326 00:00:00 |k Rodrigo Vera | ||
| 490 | 0 | |a Government in the Modern World | |
| 999 | |c 257078 |d 257076 | ||
| 952 | |0 0 |1 0 |4 0 |6 324_400000000000000_HOL_1966 |7 0 |8 A |9 280318 |a BIBDER |b BIBDER |d 2019-11-19 |i 1813366 |o 324.4 HOL 1966 |p 1813366 |r 2023-01-25 |w 2019-11-19 |y BK |k DER | ||